Wird geladen...
The ethics of science : issues and controversies
| Hauptverfasser: | , |
|---|---|
| Format: | Printed Book |
| Sprache: | English Russian |
| Veröffentlicht: |
Progress Publishers,
1989.
|
| Schlagworte: |
| LEADER | 00628nam a22001697a 4500 | ||
|---|---|---|---|
| 008 | 210922b |||||||| |||| 00| 0 eng d | ||
| 020 | |a 5010011360 | ||
| 041 | |a eng |h rus | ||
| 100 | |a Frolov, I. T. (Ivan Timofeevich), |d 1929-1999 | ||
| 245 | |a The ethics of science : issues and controversies |c by I. Frolov, B. Yudin | ||
| 260 | |b Progress Publishers, |c 1989. | ||
| 300 | |a 365 pages. |c 16 cm. | ||
| 650 | 7 | |2 fast |9 898139 |a Bioethics | |
| 700 | |a Yudin,B |e Author | ||
| 942 | |c BK | ||
| 999 | |c 361483 |d 361483 | ||
| 952 | |0 0 |1 0 |2 ddc |4 0 |7 3 |9 420484 |a UL |b UL |c PROC |d 2021-09-22 |e Donation -I.G.Bhaskara Panikker Family |l 0 |p G14135 |r 2021-09-22 |w 2021-09-22 |y BK | ||